Statistics for Roman Deities

Click here to take the quiz!

General Stats

  • This quiz has been taken 20 times
  • The average score is 14 of 22

Answer Stats

DeityAnswer% Correct
TerraGoddess of the {Earth}
93%
NeptuneGod of the {sea}
93%
MarsGod of {war}
87%
Jupiter{King} of the gods
87%
VenusGoddess of {love}
80%
PlutoGod of the {underworld}
80%
BacchusGod of {wine}
80%
Mercury{Messenger} of the Gods
80%
Poseidon
73%
Zeus
73%
Aphrodite
67%
Ares
67%
Hermes
67%
DiscordiaGoddess of {discord}
60%
Hades
60%
Demeter
47%
Dionysus
47%
Eris
40%
Cronos
33%
CeresGoddess of {agriculture}
20%
Saturn{Grandfather} of the gods
20%
Gaea
13%

Score Distribution

Percentile by Number Answered

Percent of People with Each Score

Your Score History

You have not taken this quiz